MARC

LEADER 00000nam0a2200000 4500
001 253759
005 20231101232855.0
035 |a (RuTPU)RU\TPU\book\276168 
090 |a 253759 
100 |a 20140315d1972 m y0rusy50 ca 
101 0 |a rus 
102 |a RU 
105 |a a j 001zy 
200 1 |a Пособие по общей химии  |e для студентов вечернего и заочного обучения нехимических специальностей НПИ  |f Н. И. Перова  |g Новочеркасский политехнический институт им. Серго Орджоникидзе (НПИ) 
210 |a Новочеркасск  |c Изд-во Новочеркасского политехн. ин-та  |d 1972 
215 |a 171 с.  |c ил. 
320 |a Библиогр.: с. 169-170. 
606 1 |a Химия общая  |2 stltpush  |3 (RuTPU)RU\TPU\subj\67862  |9 83510 
610 1 |a учебные пособия 
610 1 |a атомы 
610 1 |a химическое строение 
610 1 |a периодическая система элементов 
610 1 |a периодический закон Менделеева 
610 1 |a химическая связь 
610 1 |a химическая кинетика 
610 1 |a адсорбция 
610 1 |a катализ 
610 1 |a вода 
610 1 |a химические растворы 
610 1 |a электролитическая диссоциация 
610 1 |a коллоидная химия 
610 1 |a комплексные соединения 
610 1 |a окислительно-восстановительные процессы 
610 1 |a металлы 
610 1 |a электрохимия 
610 1 |a неорганические соединения 
675 |a 54(075.8)  |v 3 
700 1 |a Перова  |b Н. И. 
712 0 2 |a Новочеркасский политехнический институт им. Серго Орджоникидзе (НПИ)  |c (1948-1993)  |2 stltpush  |3 (RuTPU)RU\TPU\col\227 
801 1 |a RU  |b 63413507  |c 20140315 
801 2 |a RU  |b 63413507  |c 20181121  |g RCR 
942 |c BK